Youth Nuggets of Truth / (Record no. 3885)

MARC details
000 -LEADER
fixed length control field 00444nam a22001697a 4500
003 - CONTROL NUMBER IDENTIFIER
control field GBCCL
005 - DATE AND TIME OF LATEST TRANSACTION
control field 20241126110506.0
008 - FIXED-LENGTH DATA ELEMENTS--GENERAL INFORMATION
fixed length control field 171215b xxu||||| |||| 00| 0 eng d
040 ## - CATALOGING SOURCE
Transcribing agency gbc
082 ## - DEWEY DECIMAL CLASSIFICATION NUMBER
Classification number 248.83
Item number SHI
100 ## - MAIN ENTRY--PERSONAL NAME
Personal name Shivers, Frank
9 (RLIN) 7631
245 ## - TITLE STATEMENT
Title Youth Nuggets of Truth /
Statement of responsibility, etc. Frank Shivers
260 ## - PUBLICATION, DISTRIBUTION, ETC.
Place of publication, distribution, etc. South Calorina:
Name of publisher, distributor, etc. Hill Printing Company
300 ## - PHYSICAL DESCRIPTION
Extent 112 p.;
Dimensions 23 cm.
650 ## - SUBJECT ADDED ENTRY--TOPICAL TERM
Topical term or geographic name entry element Christian life
9 (RLIN) 183
942 ## - ADDED ENTRY ELEMENTS (KOHA)
Source of classification or shelving scheme Dewey Decimal Classification
Koha item type Books
Koha issues (borrowed), all copies 1
Holdings
Withdrawn status Lost status Source of classification or shelving scheme Damaged status Not for loan Home library Current Library Shelving location Date acquired Total checkouts Full call number Barcode Date last seen Date last checked out Copy number Price effective from Koha item type
    Dewey Decimal Classification     GRACE BIBLE COLLEGE GRACE BIBLE COLLEGE Ministry & Mission 2017-12-15 1 248.83 SHI 009429 2025-05-01 2022-04-04 v.3 c.1 2017-12-15 Books
© Grace Bible College Library 2025